[Event "OLNW 1718 SK Nordhorn Blanke - SV Linge"]
[Site "?"]
[Date "2018.03.18"]
[Round "8.8"]
[White "Scheffner, Jarno"]
[Black "Timar-Geng, Zoltan"]
[Result "*"]
[WhiteElo "1807"]
[BlackElo "1902"]
[PlyCount "57"]
[EventDate "2018.??.??"]

1. e4 e5 2. Nf3 Nc6 3. Bb5 Nge7 4. c3 a6 5. Ba4 g6 6. d4 exd4 7. cxd4 Bg7 8. d5
Na5 9. Nc3 b5 10. Bc2 d6 11. O-O O-O 12. Qe1 Bd7 13. Ne2 c5 14. dxc6 Naxc6 15.
Bf4 Bg4 16. Rd1 Bxf3 17. Rxd6 Qc8 18. gxf3 Ne5 19. Qd1 Nxf3+ 20. Kg2 Qg4+ 21.
Bg3 Be5 22. Rd3 Nh4+ 23. Kh1 Qh5 24. Nf4 Qxd1 25. Rfxd1 g5 26. Nd5 Nxd5 27.
Rxd5 f6 28. Bb3 Kh8 29. Rxe5 *

[Event "OLNW 1718 Delmenhorster SK - Bremer SG"]
[Site "?"]
[Date "2018.03.18"]
[Round "8.1"]
[White "Zeitlein, Michael"]
[Black "Korsus, Bernd"]
[Result "0-1"]
[WhiteElo "2346"]
[BlackElo "2321"]
[PlyCount "89"]
[EventDate "2018.??.??"]

1. d4 Nf6 2. Nc3 c5 3. d5 d6 4. e4 g6 5. f4 Bg7 6. Nf3 a6 7. a4 Bg4 8. Be2 Bxf3
9. Bxf3 O-O 10. O-O Ne8 11. Kh1 Nd7 12. a5 Ra7 13. Qd3 b5 14. axb6 Qxb6 15. Ra3
Nc7 16. Rb3 Qa5 17. Bd2 Rb8 18. Nb5 Qxb5 19. Rxb5 axb5 20. Bc3 Bxc3 21. Qxc3
Nb6 22. b3 Ra2 23. Bd1 b4 24. Qd3 Nd7 25. h4 Nb5 26. h5 Nc3 27. Bf3 Rba8 28.
Kh2 Ra1 29. Rxa1 Rxa1 30. h6 Nf6 31. e5 Ne8 32. Qe3 Kf8 33. f5 gxf5 34. exd6
exd6 35. Qg5 Ne4 36. Qxf5 Rh1+ 37. Kxh1 Ng3+ 38. Kh2 Nxf5 39. Be4 Nxh6 40. Kh3
Nf6 41. Bd3 Nxd5 42. Kg3 Ke7 43. Kf3 Ke6 44. g4 Ke5 45. Kg3 0-1

[Event "OLNW 1718 Delmenhorster SK - Bremer SG"]
[Site "?"]
[Date "2018.03.18"]
[Round "8.2"]
[White "Kuegel, Tobias"]
[Black "Borik, Otto"]
[Result "1-0"]
[WhiteElo "2268"]
[BlackElo "2353"]
[PlyCount "119"]
[EventDate "2018.??.??"]

1. e4 g6 2. d4 Bg7 3. Nc3 a6 4. f4 b5 5. Nf3 Bb7 6. Bd3 d6 7. e5 e6 8. Ne4 Ne7
9. Bd2 O-O 10. a4 bxa4 11. Rxa4 Nd7 12. Qe2 Bxe4 13. Bxe4 d5 14. Bd3 c5 15. b3
a5 16. Bb5 cxd4 17. Bxd7 Qxd7 18. Nxd4 Rfc8 19. O-O Nc6 20. Be3 Bf8 21. Rfa1
Bb4 22. Qd3 Rab8 23. R1a2 Qb7 24. Nxc6 Rxc6 25. f5 Rc3 26. Qe2 exf5 27. Bd4 Re8
28. Ra1 Qc7 29. Bxc3 Qxc3 30. Qd3 Qxe5 31. Rd1 f4 32. Raa1 d4 33. Kh1 Bc3 34.
Rab1 Qg5 35. Rf1 Re3 36. Qc4 Qf5 37. Qc7 g5 38. Rbd1 Qf6 39. Qc8+ Kg7 40. Qg4
Qg6 41. Rd3 h5 42. Qd1 Re4 43. Rxc3 dxc3 44. Qa1 Qf6 45. Qxa5 Qe5 46. Qxe5+
Rxe5 47. Kg1 Rd5 48. h4 g4 49. Rxf4 Rd2 50. Rf2 f5 51. Kf1 Rxf2+ 52. Kxf2 f4
53. Ke2 Kf6 54. b4 Ke5 55. b5 Kd5 56. Kd3 Kc5 57. Ke4 Kxb5 58. Kxf4 Kc4 59. Ke4
g3 60. Ke3 1-0

[Event "OLNW 1718 Delmenhorster SK - Bremer SG"]
[Site "?"]
[Date "2018.03.18"]
[Round "8.3"]
[White "Hundack, Rolf"]
[Black "Hoeffer, David"]
[Result "1/2-1/2"]
[WhiteElo "2085"]
[BlackElo "2264"]
[PlyCount "64"]
[EventDate "2018.??.??"]

1. c4 e5 2. Nc3 Nc6 3. e3 Nf6 4. Nge2 d5 5. cxd5 Nxd5 6. Nxd5 Qxd5 7. Nc3 Qd8
8. Bc4 Bd6 9. Qh5 O-O 10. Ne4 Be7 11. h4 Qd7 12. Ng5 Qf5 13. f4 exf4 14. O-O
Bd6 15. d4 Qg6 16. Qxg6 hxg6 17. Bd2 Rb8 18. a3 b5 19. Ba2 b4 20. axb4 Nxb4 21.
Bxb4 Rxb4 22. exf4 Rxb2 23. Rf2 Rb4 24. Re1 Bd7 25. Ne4 Rxd4 26. Nxd6 Rxd6 27.
Re7 c6 28. Rb2 Bc8 29. Rxa7 Be6 30. Bxe6 Rxe6 31. Rc7 Kh7 32. Kh2 Re4 1/2-1/2

[Event "OLNW 1718 Delmenhorster SK - Bremer SG"]
[Site "?"]
[Date "2018.03.18"]
[Round "8.4"]
[White "Mossakowski, Florian"]
[Black "Issing, Peter"]
[Result "1-0"]
[WhiteElo "2283"]
[BlackElo "2196"]
[PlyCount "101"]
[EventDate "2018.??.??"]

1. Nf3 Nf6 2. c4 c6 3. g3 e6 4. b3 d5 5. Bb2 Nbd7 6. Bg2 Bd6 7. cxd5 exd5 8.
O-O O-O 9. d3 Re8 10. Nbd2 Qe7 11. e4 Ba3 12. Bxa3 Qxa3 13. Re1 dxe4 14. dxe4
Nc5 15. e5 Nd5 16. Qc2 Ne6 17. Ne4 a5 18. Nd6 Rf8 19. Nd2 a4 20. N2c4 axb3 21.
Qxb3 Qxb3 22. axb3 Rxa1 23. Rxa1 Nc5 24. Nxc8 Rxc8 25. Bxd5 cxd5 26. Nd6 Rb8
27. Ra3 Kf8 28. f4 f6 29. b4 Ne4 30. Rd3 fxe5 31. fxe5 Ke7 32. Rxd5 Ke6 33. Rd1
Kxe5 34. Nxe4 Kxe4 35. Rd7 g6 36. Rxh7 b5 37. Re7+ Kd5 38. Rc7 Rb6 39. Rc5+ Ke4
40. Kg2 Rb8 41. h4 Rb6 42. Kh3 Kf3 43. Rc3+ Kf2 44. Kg4 Rd6 45. Kg5 Rd4 46.
Kxg6 Rxb4 47. h5 Rc4 48. Rb3 Rc6+ 49. Kg5 Rc5+ 50. Kh4 Rc4+ 51. g4 1-0

[Event "OLNW 1718 Delmenhorster SK - Bremer SG"]
[Site "?"]
[Date "2018.03.18"]
[Round "8.5"]
[White "Juhnke, Karl"]
[Black "Hedke, Fred"]
[Result "0-1"]
[WhiteElo "2142"]
[BlackElo "2270"]
[PlyCount "104"]
[EventDate "2018.??.??"]

1. d4 d5 2. c4 e6 3. Nc3 Nf6 4. cxd5 exd5 5. Bg5 Be7 6. e3 h6 7. Bh4 O-O 8. Bd3
b6 9. Nge2 Bb7 10. f3 c5 11. Bf2 Nc6 12. O-O Re8 13. Qd2 a6 14. Rad1 b5 15. Ng3
cxd4 16. exd4 Bf8 17. Nf5 Ne7 18. Nxe7+ Qxe7 19. Rfe1 Qb4 20. a3 Qd6 21. Na2
Qb6 22. Rxe8 Rxe8 23. Re1 Rxe1+ 24. Qxe1 g6 25. Nc1 b4 26. axb4 Bxb4 27. Qe2
Bf8 28. Qc2 Bc6 29. g3 Nd7 30. Qe2 a5 31. Qc2 a4 32. Ne2 Bg7 33. Kg2 Nf8 34.
Nf4 Bb7 35. Qxa4 Qxb2 36. Qb5 Bxd4 37. Ne2 Qxb5 38. Bxb5 Bxf2 39. Kxf2 Ne6 40.
Ke3 Kg7 41. Nd4 Kf6 42. Bc6 Bxc6 43. Nxc6 g5 44. Kd3 h5 45. Ke3 Kf5 46. Kd3 h4
47. Ke3 hxg3 48. hxg3 Ng7 49. g4+ Ke6 50. f4 Kd6 51. Ne5 f5 52. gxf5 gxf4+ 0-1

[Event "OLNW 1718 Delmenhorster SK - Bremer SG"]
[Site "?"]
[Date "2018.03.18"]
[Round "8.6"]
[White "Margraf, Daniel"]
[Black "Krajina, Davor"]
[Result "1-0"]
[WhiteElo "2200"]
[BlackElo "2255"]
[PlyCount "55"]
[EventDate "2018.??.??"]

1. e4 e5 2. Nf3 Nc6 3. d4 exd4 4. Nxd4 Nf6 5. Nc3 Bb4 6. Nxc6 bxc6 7. Bd3 d6 8.
O-O a5 9. Bg5 h6 10. Bh4 g5 11. Bg3 Bg4 12. Be2 Be6 13. e5 Bxc3 14. bxc3 Ne4
15. Bf3 d5 16. Qd4 Nxg3 17. fxg3 Qe7 18. Bh5 Rb8 19. Rf6 Kd7 20. Raf1 Rh7 21.
Qa7 Rb2 22. Qa8 Qd8 23. Qxa5 Qe7 24. Qa8 Qd8 25. Qa4 Qe7 26. Kh1 Rb8 27. h3 Rb5
28. Bg4 1-0

[Event "OLNW 1718 Delmenhorster SK - Bremer SG"]
[Site "?"]
[Date "2018.03.18"]
[Round "8.7"]
[White "Giel, Olaf"]
[Black "Steingraeber, Kai Uwe"]
[Result "1/2-1/2"]
[WhiteElo "2147"]
[BlackElo "2063"]
[PlyCount "33"]
[EventDate "2018.??.??"]

1. d4 d5 2. Nf3 Nf6 3. e3 e6 4. Bd3 Be7 5. O-O O-O 6. Nbd2 b6 7. Qe2 Bb7 8. e4
dxe4 9. Nxe4 Nxe4 10. Bxe4 Bxe4 11. Qxe4 Nd7 12. Bf4 c5 13. dxc5 Nxc5 14. Qe2
Qc8 15. Rfd1 Qb7 16. Ne5 Rad8 17. Rxd8 1/2-1/2

[Event "OLNW 1718 Delmenhorster SK - Bremer SG"]
[Site "?"]
[Date "2018.03.18"]
[Round "8.8"]
[White "Grebener, Soeren"]
[Black "Peters, Frank"]
[Result "0-1"]
[WhiteElo "2011"]
[BlackElo "2075"]
[PlyCount "76"]
[EventDate "2018.??.??"]

1. e4 d6 2. d4 g6 3. Nf3 Bg7 4. c3 Nf6 5. Bd3 O-O 6. O-O Nc6 7. Nbd2 e5 8. dxe5
Nxe5 9. Nxe5 dxe5 10. Qe2 Qe7 11. Nc4 Nh5 12. g3 Re8 13. Rd1 Be6 14. Be3 a5 15.
Bc2 Bd7 16. a4 Bc6 17. Rd2 Nf6 18. f3 Nd7 19. Qf2 b6 20. Rad1 Bf8 21. Kg2 Nc5
22. b3 f6 23. Nb2 Qe6 24. c4 Na6 25. Nd3 Nb4 26. Bb1 Be7 27. Qe2 Nxd3 28. Rxd3
f5 29. exf5 gxf5 30. R3d2 Bb4 31. Ra2 Rad8 32. Kg1 Qf7 33. Bf2 Rxd1+ 34. Qxd1
Qh5 35. g4 fxg4 36. fxg4 Qh3 37. Bg3 Bc5+ 38. Rf2 Qg2# 0-1

[Event "OLNW 1718 HSK Lister Turm - SK Nordhorn"]
[Site "?"]
[Date "2018.04.15"]
[Round "9.1"]
[White "Kroeze, Frank M"]
[Black "Petkidis, Anthony"]
[Result "0-1"]
[WhiteElo "2384"]
[BlackElo "2314"]
[PlyCount "56"]
[EventDate "2018.??.??"]

1. e4 c5 2. Nf3 e6 3. Nc3 a6 4. d4 cxd4 5. Nxd4 Qc7 6. g3 Bb4 7. Bd2 Nf6 8. Bg2
Nc6 9. Nb3 Be7 10. O-O d6 11. f4 b5 12. a3 Nd7 13. Qe2 O-O 14. Nd5 exd5 15.
exd5 Nce5 16. fxe5 Nxe5 17. Nd4 Bd7 18. Bc3 Rac8 19. Nf5 Bxf5 20. Rxf5 g6 21.
Rf2 f5 22. h3 Bf6 23. Qf1 Qb6 24. Kh1 Qe3 25. Kh2 Rxc3 26. bxc3 Qxc3 27. Re1
Qxa3 28. g4 Bh4 0-1

[Event "OLNW 1718 HSK Lister Turm - SK Nordhorn"]
[Site "?"]
[Date "2018.04.15"]
[Round "9.2"]
[White "Hoerstmann, Martin"]
[Black "Bertholee, Rob"]
[Result "0-1"]
[WhiteElo "2248"]
[BlackElo "2332"]
[PlyCount "78"]
[EventDate "2018.??.??"]

1. d4 Nf6 2. c4 g6 3. Nc3 Bg7 4. e4 d6 5. Nf3 O-O 6. Be2 c5 7. O-O cxd4 8. Nxd4
Nc6 9. Be3 Nxd4 10. Bxd4 Nd7 11. Rc1 Nc5 12. f3 Bxd4+ 13. Qxd4 Bd7 14. Rfd1 f6
15. b4 Ne6 16. Qf2 Qe8 17. Nd5 Ba4 18. Re1 Bc6 19. f4 Qf7 20. Bg4 Ng7 21. Bf3
e6 22. Nc3 Qc7 23. Kh1 b6 24. Bd1 Kh8 25. Bb3 Qb7 26. Rcd1 Rad8 27. Rd3 Qc7 28.
Qd2 e5 29. Rd1 exf4 30. Qxf4 f5 31. Rh3 fxe4 32. Qh6 Nf5 33. Qxg6 Qg7 34. Qh5
e3 35. Nd5 Rde8 36. Re1 e2 37. Rf3 Nd4 38. Rf4 Bxd5 39. Rxf8+ Rxf8 0-1

[Event "OLNW 1718 HSK Lister Turm - SK Nordhorn"]
[Site "?"]
[Date "2018.04.15"]
[Round "9.3"]
[White "Schulz, Jens"]
[Black "Voege, Tobias"]
[Result "0-1"]
[WhiteElo "2203"]
[BlackElo "2271"]
[PlyCount "138"]
[EventDate "2018.??.??"]

1. e4 c5 2. Nc3 Nc6 3. Bb5 g6 4. Bxc6 bxc6 5. d3 Bg7 6. Nge2 d6 7. O-O e6 8.
Be3 Ne7 9. Qd2 O-O 10. Bh6 a5 11. b3 Ba6 12. Bxg7 Kxg7 13. Na4 Kg8 14. c4 Nc8
15. e5 Nb6 16. Nxb6 Qxb6 17. exd6 Rad8 18. Qf4 f6 19. Nc3 e5 20. Qe3 Rxd6 21.
Na4 Qa7 22. Rad1 Rd4 23. f4 Re8 24. f5 Qe7 25. fxg6 hxg6 26. Qe1 Qd8 27. Nxc5
Bc8 28. Qg3 Kg7 29. Rde1 Qe7 30. Ne4 f5 31. Nc3 Qd6 32. Rf3 f4 33. Qg5 Bf5 34.
Ne4 Bxe4 35. dxe4 Rd1 36. Rff1 Rd2 37. Kh1 Rxa2 38. Rd1 Rd2 39. Qg4 Re7 40.
Rxd2 Qxd2 41. h4 Qd3 42. Re1 Qxb3 43. Qg5 Re8 44. Ra1 a4 45. h5 Qg3 46. h6+ Kf7
47. Qxg3 fxg3 48. Rxa4 Rd8 49. Ra1 Kg8 50. Kg1 Rd2 51. Kf1 Rf2+ 52. Kg1 Rc2 53.
Kf1 Kh7 54. Ra3 Kxh6 55. Rxg3 Rxc4 56. Ke2 Rxe4+ 57. Kd3 Rd4+ 58. Ke3 Kh5 59.
Rf3 c5 60. Rf8 Kg4 61. Re8 e4 62. Re5 Rc4 63. Rd5 g5 64. Re5 Kh4 65. Rd5 Kg4
66. Re5 Rc2 67. Rxe4+ Kg3 68. Re5 g4 69. Rg5 c4 0-1

[Event "OLNW 1718 HSK Lister Turm - SK Nordhorn"]
[Site "?"]
[Date "2018.04.15"]
[Round "9.4"]
[White "Hoerstmann, Rudi"]
[Black "Plasman, Hans"]
[Result "1-0"]
[WhiteElo "2227"]
[BlackElo "2201"]
[PlyCount "89"]
[EventDate "2018.??.??"]

1. d4 Nf6 2. c4 g6 3. Nc3 Bg7 4. e4 d6 5. Nf3 O-O 6. Be2 Nbd7 7. O-O e5 8. Qc2
c6 9. Rd1 Qe7 10. d5 c5 11. Bg5 h6 12. Bd2 Nh7 13. Ne1 f5 14. exf5 gxf5 15. f4
exf4 16. Nd3 f3 17. gxf3 Bd4+ 18. Kh1 Ng5 19. Nf4 Ne5 20. Rf1 Bd7 21. Nb5 Bxb5
22. cxb5 Qf7 23. Rae1 Rae8 24. Ne6 Nxe6 25. dxe6 Qxe6 26. Bc3 Kh8 27. Bxd4 cxd4
28. Qd2 f4 29. Qxd4 b6 30. Bd1 Rf6 31. Bb3 Qh3 32. Bd5 Ref8 33. Rg1 Qd7 34. Rg2
Qxb5 35. Reg1 Qd7 36. Qe4 Qf5 37. Qd4 Qd7 38. Qe4 Qf5 39. Qa4 Nf7 40. Be4 Qa5
41. Qd7 d5 42. Qe7 Ng5 43. Rxg5 R6f7 44. Qxf7 Rxf7 45. Rg8# 1-0

[Event "OLNW 1718 HSK Lister Turm - SK Nordhorn"]
[Site "?"]
[Date "2018.04.15"]
[Round "9.5"]
[White "Oehne, Timo"]
[Black "Hampel, Felix"]
[Result "0-1"]
[WhiteElo "2138"]
[BlackElo "2193"]
[PlyCount "108"]
[EventDate "2018.??.??"]

1. Nf3 g6 2. e4 Bg7 3. d4 d6 4. h3 Nf6 5. Bd3 O-O 6. O-O Nc6 7. Re1 e5 8. Bb5
exd4 9. Nxd4 Nxd4 10. Qxd4 c6 11. Bd3 Re8 12. Qb4 d5 13. exd5 Nxd5 14. Rxe8+
Qxe8 15. Qe4 Bf5 16. Qe2 Qxe2 17. Bxe2 Re8 18. Kf1 Nf4 19. Nc3 Nxe2 20. Nxe2
Bxc2 21. a4 Bd3 22. Be3 f5 23. g3 g5 24. Re1 Bxb2 25. Kg2 Bxe2 26. Rxe2 Bc1 27.
Kf3 Bxe3 28. fxe3 Kf7 29. g4 f4 30. e4 Rd8 31. Rb2 Rd3+ 32. Kg2 Rd7 33. Rc2 Rd4
34. a5 Rxe4 35. a6 bxa6 36. Rxc6 Ra4 37. h4 Ra2+ 38. Kf3 gxh4 39. Rh6 h3 40.
Kxf4 h2 41. Rxh7+ Kg6 42. Rh5 a5 43. Rg5+ Kf6 44. Rf5+ Ke6 45. Re5+ Kd6 46. Re1
a4 47. Kg3 Rd2 48. g5 Kc5 49. g6 Rd6 50. Kxh2 Rxg6 51. Rc1+ Kb4 52. Rb1+ Kc3
53. Ra1 Rg4 54. Kh3 Kb2 0-1

[Event "OLNW 1718 HSK Lister Turm - SK Nordhorn"]
[Site "?"]
[Date "2018.04.15"]
[Round "9.6"]
[White "Virag, Attila Aba"]
[Black "Baisakow, Alexander"]
[Result "1/2-1/2"]
[WhiteElo "2265"]
[BlackElo "2212"]
[PlyCount "35"]
[EventDate "2018.??.??"]

1. e4 c5 2. Nf3 d6 3. d4 cxd4 4. Qxd4 a6 5. h3 Nc6 6. Qe3 g6 7. Bd2 Bg7 8. Bc3
Nf6 9. Nbd2 O-O 10. Nb3 b5 11. a3 Bb7 12. Bd3 Rc8 13. O-O Qc7 14. Rfe1 Nd7 15.
Bxg7 Kxg7 16. c3 Nce5 17. Nxe5 Nxe5 18. Qd4 1/2-1/2

[Event "OLNW 1718 HSK Lister Turm - SK Nordhorn"]
[Site "?"]
[Date "2018.04.15"]
[Round "9.7"]
[White "Hoellmann, Ludger"]
[Black "Gentemann, Moritz"]
[Result "1-0"]
[WhiteElo "2151"]
[BlackElo "2181"]
[PlyCount "85"]
[EventDate "2018.??.??"]

1. Nf3 c5 2. c4 Nf6 3. d4 cxd4 4. Nxd4 Nc6 5. Nc3 e6 6. Ndb5 d6 7. Bf4 Ne5 8.
Qd4 a6 9. Nxd6+ Bxd6 10. Bxe5 Bxe5 11. Qxe5 Qb6 12. Nd1 Bd7 13. e3 Bc6 14. f3
O-O 15. Be2 Rfd8 16. Qc3 a5 17. Rc1 Qc5 18. Nf2 Qg5 19. O-O h5 20. Rcd1 h4 21.
Rxd8+ Rxd8 22. Rd1 Re8 23. Nh3 Qc5 24. Qd4 Qb4 25. a3 Qb3 26. Rd3 Qc2 27. Rd2
Qb1+ 28. Kf2 e5 29. Qxh4 Qc1 30. Rd6 Qxb2 31. Ng5 e4 32. f4 Bd7 33. h3 Be6 34.
Nxe6 fxe6 35. Qg5 Rf8 36. Qxa5 e5 37. Rb6 Qa1 38. f5 Kh7 39. Rxb7 Nd5 40. Qxd5
Rxf5+ 41. Kg3 Qe1+ 42. Kh2 Qh4 43. Bg4 1-0

[Event "OLNW 1718 HSK Lister Turm - SK Nordhorn"]
[Site "?"]
[Date "2018.04.15"]
[Round "9.8"]
[White "Polster, Christian"]
[Black "Scheffner, Jarno"]
[Result "1-0"]
[WhiteElo "2256"]
[BlackElo "1807"]
[PlyCount "155"]
[EventDate "2018.??.??"]

1. e4 c5 2. Nf3 d6 3. d4 cxd4 4. Nxd4 Nf6 5. Nc3 a6 6. g3 e5 7. Nde2 Be6 8. Bg2
Be7 9. O-O Nbd7 10. a4 b6 11. h3 Rb8 12. g4 b5 13. axb5 axb5 14. Ng3 Bc4 15.
Re1 b4 16. Nd5 Nxd5 17. exd5 b3 18. c3 Rb5 19. Nf5 O-O 20. Ne3 Nb6 21. Nxc4
Nxc4 22. Bf1 Qc7 23. Ra4 Rc5 24. Rb4 f5 25. Qxb3 Na5 26. Qd1 f4 27. Ra4 Qb6 28.
Qf3 Nb7 29. b4 Rcc8 30. Bd2 Nd8 31. Ra6 Qc7 32. Rea1 Nf7 33. c4 Ng5 34. Qb3 e4
35. Ra7 Nf3+ 36. Kh1 Qb6 37. c5 Nxd2 38. Qb2 Bf6 39. Qxd2 dxc5 40. R1a6 Qxb4
41. Qc1 Qd4 42. Ra4 Qxf2 43. Ra2 Qf3+ 44. Bg2 Qg3 45. Bxe4 f3 46. R7a3 Be5 47.
Qf1 Rf4 48. Rxf3 Rcf8 49. Rxg3 Rxf1+ 50. Rg1 c4 51. Rxf1 Rxf1+ 52. Kg2 Ra1 53.
Re2 c3 54. Bc2 Bd6 55. Re8+ Kf7 56. Rc8 Be5 57. Bxh7 Ra2+ 58. Kf3 g6 59. Rc6
Rh2 60. Bxg6+ Kg7 61. Bf5 Rxh3+ 62. Ke4 Bf6 63. Rc7+ Kf8 64. d6 Rh1 65. Kd5 Re1
66. Rc4 Re5+ 67. Kc6 Ra5 68. Kd7 Kg7 69. Rc7 Be5 70. Ke6+ Kh6 71. Rc8 Bxd6 72.
Kxd6 Kg5 73. Rxc3 Ra6+ 74. Rc6 Ra1 75. Ke7 Re1+ 76. Be6 Kg6 77. Rc5 Rb1 78.
Bf5+ 1-0

[Event "OLNW 1718 SV Lingen - SF Hannover"]
[Site "?"]
[Date "2018.04.15"]
[Round "9.1"]
[White "Ackermann, Dennie"]
[Black "Perunovic, Milos"]
[Result "0-1"]
[WhiteElo "2155"]
[BlackElo "2596"]
[PlyCount "68"]
[EventDate "2018.??.??"]

1. d4 Nf6 2. c4 e6 3. Nf3 c5 4. d5 d6 5. Nc3 exd5 6. cxd5 g6 7. Bf4 a6 8. e4 b5
9. Nd2 Bg7 10. Qc2 Nh5 11. Be3 f5 12. exf5 Bxf5 13. Bd3 Bxd3 14. Qxd3 O-O 15.
O-O Nd7 16. a4 Ne5 17. Qc2 Ng4 18. axb5 axb5 19. Rxa8 Qxa8 20. Nxb5 Be5 21. g3
Nxe3 22. fxe3 Rxf1+ 23. Kxf1 Nf6 24. e4 Qa1+ 25. Kg2 Ng4 26. Nc4 Qe1 27. Nc3
Bd4 28. Ne2 Qf2+ 29. Kh3 Qf1+ 30. Kxg4 Bf6 31. Nf4 h5+ 32. Nxh5 gxh5+ 33. Kxh5
Qh3+ 34. Kg6 Be7 0-1

[Event "OLNW 1718 SV Lingen - SF Hannover"]
[Site "?"]
[Date "2018.04.15"]
[Round "9.3"]
[White "Kaimer, Thomas"]
[Black "Gutman, Lev"]
[Result "0-1"]
[WhiteElo "2163"]
[BlackElo "2410"]
[PlyCount "153"]
[EventDate "2018.??.??"]

1. e4 c5 2. Nf3 d6 3. d4 cxd4 4. Nxd4 Nf6 5. Nc3 a6 6. Bc4 Bg4 7. f3 Bd7 8. Be3
e6 9. O-O Nc6 10. Bb3 Qc7 11. Qd2 Be7 12. Kh1 Rc8 13. Rad1 Na5 14. f4 O-O 15.
Qe2 b5 16. a3 Nxb3 17. cxb3 e5 18. fxe5 dxe5 19. Nf5 Bxf5 20. Rxf5 Rfd8 21.
Rdf1 Qd7 22. Rxe5 b4 23. axb4 Bxb4 24. Nd5 Nxd5 25. Rxd5 Qe6 26. Qf3 f6 27.
Rfd1 Re8 28. e5 fxe5 29. Qe4 a5 30. Bf2 Qc6 31. Bg3 Qc2 32. Qxc2 Rxc2 33. Bxe5
Re2 34. Bg3 Rxb2 35. R5d3 h6 36. Bf4 Ree2 37. Rg3 Kh7 38. h3 g5 39. Bd6 Bd2 40.
Bc7 Rc2 41. Rd3 Bb4 42. Rd7+ Kg6 43. g4 Re3 44. Bd6 Rxh3+ 45. Kg1 Rh4 46. Rd4
Be1 47. Re4 Bf2+ 48. Kg2 Bd4+ 49. Kg3 Bf6 50. Bc7 Rhh2 51. Kf3 Rb2 52. Rd3 Rh3+
53. Bg3 h5 54. gxh5+ Kxh5 55. Rde3 Rh1 56. Re6 Rf1+ 57. Ke4 Kg4 58. Bc7 a4 59.
bxa4 Rb4+ 60. Kd3 Rxa4 61. R6e4+ Rxe4 62. Kxe4 Rc1 63. Bg3 Rd1 64. Be5 Bxe5 65.
Kxe5 Rf1 66. Kd4 Kh4 67. Kd3 g4 68. Ke2 Rf8 69. Re7 g3 70. Rh7+ Kg4 71. Rg7+
Kh3 72. Rh7+ Kg2 73. Re7 Kg1 74. Rg7 g2 75. Re7 Rh8 76. Kf3 Kh1 77. Re4 0-1

[Event "OLNW 1718 SV Lingen - SF Hannover"]
[Site "?"]
[Date "2018.04.15"]
[Round "9.4"]
[White "Milenkovic, Mladen"]
[Black "Herrmann, Andreas"]
[Result "0-1"]
[WhiteElo "2334"]
[BlackElo "2142"]
[PlyCount "109"]
[EventDate "2018.??.??"]

1. e4 c5 2. Nf3 d6 3. d4 cxd4 4. Nxd4 Nf6 5. Nc3 a6 6. Bg5 e6 7. Bc4 Be7 8. Bb3
O-O 9. h4 b5 10. f3 Bb7 11. Qd2 Nbd7 12. O-O-O Nc5 13. Nde2 b4 14. Na4 Nxb3+
15. axb3 a5 16. Kb1 Ra6 17. g4 Qc7 18. Nd4 Rd8 19. h5 d5 20. e5 Ne8 21. Bxe7
Qxe7 22. f4 Nc7 23. Rde1 Bc6 24. f5 Nb5 25. Rhf1 Nxd4 26. Qxd4 Bxa4 27. bxa4
Qg5 28. b3 Rc8 29. Re2 Rc3 30. fxe6 fxe6 31. Ref2 Rc8 32. h6 Rac6 33. hxg7 Qxg7
34. Qe3 Qg6 35. Qd2 Rxc2 36. Qxc2 Rxc2 37. Rxc2 Qd3 38. Re1 Qxb3+ 39. Kc1 Qxa4
40. Kd2 b3 41. Rc8+ Kg7 42. Rc7+ Kg6 43. Rb7 Qd4+ 44. Ke2 a4 45. Rf1 Qxe5+ 46.
Kf2 b2 47. Re1 Qf6+ 48. Kg2 a3 49. Ra7 Qc3 50. Rxe6+ Kg5 51. Rd7 Qc2+ 52. Kg3
Qd3+ 53. Kf2 b1=Q 54. Re5+ Kxg4 55. Rg7+ 0-1

[Event "OLNW 1718 SV Lingen - SF Hannover"]
[Site "?"]
[Date "2018.04.15"]
[Round "9.5"]
[White "Ploog, Martin"]
[Black "Kollen, Zyon"]
[Result "1/2-1/2"]
[WhiteElo "2101"]
[BlackElo "2323"]
[PlyCount "99"]
[EventDate "2018.??.??"]

1. d4 e6 2. g3 Nf6 3. Bg2 d5 4. c4 dxc4 5. Nf3 Be7 6. O-O O-O 7. Qc2 b6 8. Nbd2
Bb7 9. Nxc4 Be4 10. Qd2 Nc6 11. b3 Qd5 12. Bb2 Rad8 13. Rad1 a5 14. Qc1 Qb5 15.
Rfe1 Nb4 16. a4 Qe8 17. Ne3 Nbd5 18. Nxd5 Nxd5 19. Ne5 Bxg2 20. Kxg2 c5 21.
dxc5 Bxc5 22. Nd3 Bb4 23. Nxb4 axb4 24. e4 Rc8 25. Qd2 Nc3 26. Rc1 Qc6 27. Qd4
Qc5 28. Qxc5 Rxc5 29. Bxc3 bxc3 30. Rc2 Rfc8 31. Re3 Kf8 32. Rd3 Ke7 33. f4 f6
34. Kf3 g5 35. e5 gxf4 36. gxf4 fxe5 37. fxe5 Rxe5 38. Rdxc3 Rxc3+ 39. Rxc3 Kd6
40. Rc4 Rc5 41. Rb4 Rc3+ 42. Ke4 Kc5 43. Rb5+ Kc6 44. h4 Rc5 45. Rb4 Rh5 46.
Kf3 Rf5+ 47. Ke3 Re5+ 48. Kf4 Rf5+ 49. Ke3 Re5+ 50. Kf4 {(=)} 1/2-1/2

[Event "OLNW 1718 SV Lingen - SF Hannover"]
[Site "?"]
[Date "2018.04.15"]
[Round "9.6"]
[White "Gazic, Josip"]
[Black "Gabriel, Uwe"]
[Result "1-0"]
[WhiteElo "2217"]
[BlackElo "2031"]
[PlyCount "129"]
[EventDate "2018.??.??"]

1. e4 e5 2. Bc4 Nf6 3. d3 d5 4. exd5 Nxd5 5. Nf3 Nc6 6. O-O Be7 7. Re1 Qd6 8.
Bxd5 Qxd5 9. Nc3 Qa5 10. Nd2 Be6 11. Re4 f5 12. Ra4 Qc5 13. Nb3 Qd6 14. Be3 O-O
15. Bc5 Qd7 16. Bxe7 Qxe7 17. Qd2 Rae8 18. Re1 Bxb3 19. axb3 Qd7 20. f3 a6 21.
Qf2 Rf6 22. Qc5 Qd6 23. Rc4 Kf8 24. Nd5 Rf7 25. b4 Rd7 26. Qxd6+ cxd6 27. c3
Kf7 28. Rh4 h6 29. g4 f4 30. Kf2 Ne7 31. Nb6 Rc7 32. Rh5 Rc6 33. Nc4 Rd8 34.
Rg1 Rh8 35. Nd2 g6 36. Rh4 Kg7 37. Re1 Nd5 38. Ne4 Re8 39. g5 h5 40. Nf6 Nxf6
41. gxf6+ Kxf6 42. Rxf4+ Kg7 43. Rfe4 Rf8 44. d4 exd4 45. Rxd4 Rf6 46. Re7+ Rf7
47. Re8 Rf8 48. Re3 Rf6 49. h4 Kf7 50. Rde4 Kg7 51. Kg3 Rf5 52. Re8 Rf7 53. Rd8
Kf6 54. Re4 Rfc7 55. Rf4+ Ke7 56. Rg8 d5 57. Rg7+ Ke8 58. Rxc7 Rxc7 59. Rf6 Rc6
60. Rxc6 bxc6 61. Kf4 Ke7 62. Kg5 Kf7 63. f4 Kg7 64. f5 gxf5 65. Kxf5 1-0

[Event "OLNW 1718 SV Lingen - SF Hannover"]
[Site "?"]
[Date "2018.04.15"]
[Round "9.7"]
[White "Witthaus, Joerg"]
[Black "Milosevic, Aleksandar"]
[Result "1/2-1/2"]
[WhiteElo "2011"]
[BlackElo "2259"]
[PlyCount "34"]
[EventDate "2018.??.??"]

1. d4 Nf6 2. Nf3 d5 3. c4 e6 4. Nc3 dxc4 5. e3 a6 6. Bxc4 b5 7. Be2 Bb7 8. O-O
Nbd7 9. b3 c5 10. Bb2 Qb8 11. Rc1 Bd6 12. h3 O-O 13. Qc2 Rc8 14. Qb1 Rc7 15.
Rfd1 Qf8 16. Ng5 cxd4 17. Rxd4 h6 {(=)} 1/2-1/2

[Event "OLNW 1718 SV Lingen - SF Hannover"]
[Site "?"]
[Date "2018.04.15"]
[Round "9.8"]
[White "Moeller, Hannah"]
[Black "Streich, Gerhard"]
[Result "1/2-1/2"]
[WhiteElo "1760"]
[BlackElo "2081"]
[PlyCount "64"]
[EventDate "2018.??.??"]

1. Nf3 c5 2. g3 Nf6 3. Bg2 Nc6 4. d4 d5 5. O-O e6 6. c4 dxc4 7. Qa4 Bd7 8. Qxc4
Qb6 9. dxc5 Qxc5 10. Qxc5 Bxc5 11. Nc3 a6 12. Bf4 O-O 13. Ne5 Nxe5 14. Bxe5 Ra7
15. Ne4 Nxe4 16. Bxe4 f6 17. Rac1 b6 18. Bc3 Bb5 19. Bf3 Rd8 20. Rfd1 Rad7 21.
Rxd7 Rxd7 22. e3 Kf7 23. Rd1 Rxd1+ 24. Bxd1 Bc4 25. b3 Bd5 26. Bc2 g6 27. Kf1
e5 28. e4 Bc6 29. Bd3 b5 30. b4 Bb6 31. f3 g5 32. g4 Ke7 {(=)} 1/2-1/2

[Event "OLNW 1718 Bremer SG - SV Hellern"]
[Site "?"]
[Date "2018.04.15"]
[Round "9.1"]
[White "Lingnau, Carsten"]
[Black "Zeitlein, Michael"]
[Result "1-0"]
[WhiteElo "2426"]
[BlackElo "2346"]
[PlyCount "55"]
[EventDate "2018.??.??"]

1. d4 Nf6 2. c4 g6 3. g3 Bg7 4. Bg2 O-O 5. Nc3 d6 6. Nf3 c6 7. O-O Qa5 8. e4
Bg4 9. h3 Bxf3 10. Bxf3 Nfd7 11. Rb1 c5 12. d5 a6 13. Be2 Bd4 14. Bd2 Qc7 15.
Kg2 Nf6 16. Bd3 Nbd7 17. f4 e6 18. Ne2 exd5 19. exd5 Rfe8 20. Qc2 Be3 21. Bc3
Re7 22. b3 Rae8 23. Rf3 Rf8 24. Rff1 Qd8 25. Ba1 Qa5 26. Bc3 Qd8 27. g4 Ne8 28.
Be4 1-0

[Event "OLNW 1718 Bremer SG - SV Hellern"]
[Site "?"]
[Date "2018.04.15"]
[Round "9.3"]
[White "Stock, Joerg"]
[Black "Hundack, Rolf"]
[Result "1-0"]
[WhiteElo "2185"]
[BlackElo "2085"]
[PlyCount "59"]
[EventDate "2018.??.??"]

1. e4 e5 2. Nf3 Nc6 3. Bb5 g6 4. c3 a6 5. Bxc6 dxc6 6. d4 exd4 7. cxd4 Bg7 8.
h3 Nf6 9. Nc3 O-O 10. O-O h6 11. Bf4 Re8 12. Re1 Be6 13. Qd2 Kh7 14. Rac1 Qe7
15. Qe3 Rad8 16. Be5 Bc8 17. a3 Ng8 18. Bxg7 Kxg7 19. d5 Nf6 20. dxc6 bxc6 21.
b4 Bd7 22. e5 Nh7 23. Ne4 Ra8 24. Rc5 Red8 25. Qc3 Kg8 26. Nd4 Be8 27. Nxc6
Bxc6 28. Rxc6 Re8 29. Rxc7 Qh4 30. Qc4 1-0